[Event "Kemerovo Region Cup"]
[Site "Kemerovo"]
[Date "2014.08.22"]
[Round "2"]
[White "Feofanov, Andrei"]
[Black "Khegay, Dmitriy"]
[Result "1/2-1/2"]
[WhiteElo "2098"]
[BlackElo "2369"]
[PlyCount "92"]
[EventDate "2014.08.21"]
[EventType "swiss"]
[EventRounds "7"]
[EventCountry "RUS"]
[SourceTitle "CBM 162 Extra"]
[Source "ChessBase"]
[SourceDate "2014.10.17"]
[SourceVersion "1"]
[SourceVersionDate "2014.10.17"]
[SourceQuality "1"]

1. e4 c5 2. Nf3 e6 3. d4 cxd4 4. Nxd4 a6 5. Bd3 Bc5 6. Nb3 Ba7 7. 0-0 Nc6 8. c4 Nf6 9. Nc3 0-0 10. Qe2 d6 11. Be3 e5 12. Bxa7 Rxa7 13. Nd5 Be6 14. Nxf6+ Qxf6 15. Qe3 Raa8 16. Qb6 Rab8 17. Rad1 Qd8 18. Qe3 b5 19. Rc1 Nb4 20. Nd2 Nxa2 21. Ra1 Nb4 22. Rfc1 Qb6 23. Qxb6 Rxb6 24. Bf1 Rc8 25. cxb5 Rxc1 26. Rxc1 axb5 27. Nb1 Nc6 28. Nc3 Nd4 29. Ra1 g6 30. b4 Kg7 31. f3 h5 32. h4 Rb7 33. Ra6 Rc7 34. Nxb5 Rc1 35. Nxd6 Rb1 36. b5 Nxb5 37. Rb6 Nc3 38. Rxb1 Nxb1 39. Bc4 Kf6 40. Bxe6 Kxe6 41. Nc4 Nc3 42. Kf2 Nb5 43. Ke3 f5 44. g3 Nc7 45. f4 fxe4 46. Kxe4 exf4 1/2-1/2

[Event "Novokuznetsk Kuzbass op"]
[Site "Novokuznetsk"]
[Date "2014.08.11"]
[Round "1"]
[White "Piskunov, Alexandr"]
[Black "Feofanov, Andrei"]
[Result "1-0"]
[WhiteElo "2354"]
[BlackElo "2098"]
[PlyCount "77"]
[EventDate "2014.08.11"]
[EventType "swiss"]
[EventRounds "9"]
[EventCountry "RUS"]
[SourceTitle "CBM 162 Extra"]
[Source "ChessBase"]
[SourceDate "2014.10.17"]
[SourceVersion "1"]
[SourceVersionDate "2014.10.17"]
[SourceQuality "1"]

1. e4 e5 2. Nf3 Nc6 3. d3 Nf6 4. Be2 d5 5. Nbd2 Be7 6. 0-0 0-0 7. c3 h6 8. Re1 Re8 9. Qc2 a5 10. Bf1 a4 11. exd5 Qxd5 12. Nc4 Bf8 13. Bd2 b5 14. Ne3 Qc5 15. d4 exd4 16. cxd4 Nxd4 17. Nxd4 Qxd4 18. Bxb5 Bd7 19. Bc3 Qc5 20. Bxd7 Nxd7 21. Rad1 Nb6 22. a3 Rad8 23. Rxd8 Rxd8 24. Qe4 Nd5 25. Nxd5 Qxd5 26. Qxa4 c5 27. Qe4 Qb3 28. g3 Rb8 29. Kg2 Rd8 30. h4 Rb8 31. Re3 Qb5 32. Qd5 Qa6 33. Re4 Qc8 34. a4 Ra8 35. a5 Ra6 36. Rf4 Qa8 37. Qxa8 Rxa8 38. Kf3 g6 39. Ra4 1-0

[Event "Kemerovo Region Cup sf"]
[Site "Kemerovo"]
[Date "2014.07.25"]
[Round "9"]
[White "Guzikov, Danil"]
[Black "Feofanov, Andrei"]
[Result "1-0"]
[WhiteElo "2135"]
[BlackElo "2116"]
[PlyCount "49"]
[EventDate "2014.07.21"]
[EventType "swiss"]
[EventRounds "9"]
[EventCountry "RUS"]
[SourceTitle "EXT 2016"]
[Source "ChessBase"]
[SourceDate "2015.10.08"]
[SourceVersion "1"]
[SourceVersionDate "2015.10.08"]
[SourceQuality "1"]

1. e4 e5 2. Nf3 Nc6 3. d4 exd4 4. Bc4 Nf6 5. e5 d5 6. Bb5 Ne4 7. Nxd4 Bd7 8. Bxc6 bxc6 9. 0-0 Be7 10. f3 Nc5 11. Be3 0-0 12. Nd2 f6 13. f4 fxe5 14. fxe5 Rxf1+ 15. Qxf1 Bg5 16. Qe2 Bxe3+ 17. Qxe3 Qe7 18. Re1 Re8 19. c3 h6 20. b4 Nb7 21. e6 Nd8 22. N2b3 Bc8 23. Nc5 Rf8 24. Qe5 g6 25. Re3 1-0

[Event "Novokuznetsk Kuzbass op"]
[Site "Novokuznetsk"]
[Date "2014.??.??"]
[Round "5"]
[White "Feofanov, Andrei"]
[Black "Petrukhina, Irina"]
[Result "1-0"]
[WhiteElo "2095"]
[BlackElo "2157"]
[PlyCount "93"]
[EventDate "2014.08.11"]
[EventType "swiss"]
[EventRounds "9"]
[EventCountry "RUS"]
[SourceTitle "CBM 162 Extra"]
[Source "ChessBase"]
[SourceDate "2014.10.17"]
[SourceVersion "1"]
[SourceVersionDate "2014.10.17"]
[SourceQuality "1"]

1. e4 c5 2. Nf3 d6 3. d4 cxd4 4. Nxd4 Nf6 5. Nc3 a6 6. Bg5 Nbd7 7. Qe2 b5 8. a4 Bb7 9. axb5 axb5 10. Rxa8 Qxa8 11. Ndxb5 Qa1+ 12. Nd1 Qa5+ 13. c3 e5 14. b4 Qb6 15. f3 d5 16. exd5 Bxd5 17. Qe3 Qb7 18. Bxf6 gxf6 19. Bd3 Be7 20. 0-0 f5 21. c4 Be6 22. c5 0-0 23. Ndc3 Rd8 24. g4 fxg4 25. Be4 Qc8 26. Na7 Qa6 27. Nc6 Re8 28. Nxe7+ Rxe7 29. c6 Qb6 30. Kf2 Qxe3+ 31. Kxe3 Nb6 32. fxg4 Kf8 33. Bf5 Bc4 34. Rd1 Ra7 35. Rd8+ Ke7 36. Rb8 Nd5+ 37. Nxd5+ Bxd5 38. b5 h6 39. Bd3 Rc7 40. Be4 Bxe4 41. Kxe4 f6 42. Rb7 Kd6 43. Rxc7 Kxc7 44. Kd5 Kb8 45. Kd6 Kc8 46. b6 e4 47. c7 1-0

[Event "Novokuznetsk Kuzbass op"]
[Site "Novokuznetsk"]
[Date "2014.??.??"]
[Round "4"]
[White "Feofanov, Andrei"]
[Black "Sitnikov, Dmitrij"]
[Result "1/2-1/2"]
[WhiteElo "2095"]
[BlackElo "2468"]
[PlyCount "99"]
[EventDate "2014.08.11"]
[EventType "swiss"]
[EventRounds "9"]
[EventCountry "RUS"]
[SourceTitle "CBM 162 Extra"]
[Source "ChessBase"]
[SourceDate "2014.10.17"]
[SourceVersion "1"]
[SourceVersionDate "2014.10.17"]
[SourceQuality "1"]

1. e4 c5 2. Nf3 Nc6 3. d4 cxd4 4. Nxd4 Nf6 5. Nc3 e5 6. Ndb5 d6 7. Bg5 a6 8. Na3 Be6 9. Nc4 Rc8 10. Bxf6 gxf6 11. Bd3 Rg8 12. 0-0 Bh6 13. Qh5 Rg6 14. Nd5 Bg4 15. Qh4 Nd4 16. Kh1 Nxc2 17. Bxc2 Rxc4 18. Nc3 Rd4 19. f3 Be6 20. Rad1 Qb6 21. Qf2 Rxd1 22. Nxd1 Qxf2 23. Nxf2 Be3 24. Nd3 Bd4 25. b3 Rg8 26. Nb4 Kf8 27. Bd3 Kg7 28. Rc1 Rc8 29. Rxc8 Bxc8 30. Nd5 Be6 31. h3 h5 32. g4 h4 33. Kg2 Bd7 34. Ne7 Kh6 35. Bc4 Be6 36. f4 exf4 37. Nf5+ Bxf5 38. gxf5 b5 39. Bxf7 b4 40. Kf3 Kg5 41. Bc4 a5 42. Bd3 Bc3 43. Ke2 Bd4 44. Kf3 Bg1 45. Kg2 Be3 46. Kf3 Bd2 47. Ke2 Bc3 48. Bc4 Kh5 49. Bf7+ Kh6 50. Kf3 1/2-1/2

[Event "Kemerovo op"]
[Site "Kemerovo"]
[Date "2013.07.25"]
[Round "6"]
[White "Feofanov, Andrei"]
[Black "Kolosovskiy, Danil"]
[Result "1-0"]
[WhiteElo "2039"]
[BlackElo "1992"]
[PlyCount "67"]
[EventDate "2013.07.22"]
[EventType "swiss"]
[EventRounds "9"]
[EventCountry "RUS"]
[SourceTitle "EXT 2014"]
[Source "ChessBase"]
[SourceDate "2013.11.20"]
[SourceVersion "1"]
[SourceVersionDate "2013.11.20"]
[SourceQuality "1"]

1. Nf3 Nf6 2. c4 e6 3. d4 b6 4. g3 Ba6 5. b3 Bb4+ 6. Bd2 Be7 7. Nc3 d5 8. cxd5 exd5 9. Bg2 c6 10. 0-0 0-0 11. Qc2 Nbd7 12. Rfe1 Bb7 13. e4 dxe4 14. Nxe4 Re8 15. Ne5 Nxe5 16. dxe5 Nd5 17. Rad1 Qc7 18. a3 a5 19. Bg5 Qb8 20. Bxe7 Rxe7 21. Nd6 b5 22. Bxd5 cxd5 23. Qc5 Rc7 24. Qxb5 Bc6 25. Qxb8+ Rxb8 26. Rc1 Rxb3 27. Rc5 g6 28. Rec1 Rxa3 29. Rxc6 Rxc6 30. Rxc6 d4 31. Kg2 d3 32. Rc4 a4 33. Rd4 Kf8 34. Ne4 1-0

[Event "Kemerovo op"]
[Site "Kemerovo"]
[Date "2013.07.23"]
[Round "2"]
[White "Koveshnikova, Daria"]
[Black "Feofanov, Andrei"]
[Result "1-0"]
[WhiteElo "2027"]
[BlackElo "2039"]
[PlyCount "86"]
[EventDate "2013.07.22"]
[EventType "swiss"]
[EventRounds "9"]
[EventCountry "RUS"]
[SourceTitle "EXT 2014"]
[Source "ChessBase"]
[SourceDate "2013.11.20"]
[SourceVersion "1"]
[SourceVersionDate "2013.11.20"]
[SourceQuality "1"]

1. d4 Nf6 2. Nf3 g6 3. c4 Bg7 4. g3 0-0 5. Bg2 d6 6. 0-0 Nbd7 7. Nc3 e5 8. e4 a6 9. h3 b5 10. b3 Bb7 11. Re1 c6 12. Bb2 Ne8 13. Qd2 b4 14. Ne2 Qb6 15. Rad1 c5 16. dxe5 Nxe5 17. Nf4 a5 18. Nd5 Qd8 19. Nxe5 dxe5 20. Qe3 Rc8 21. Nxb4 Qb6 22. Nd5 Bxd5 23. Rxd5 Nf6 24. Rd3 Nh5 25. Red1 a4 26. Rd5 axb3 27. axb3 f6 28. Ba3 Rfd8 29. Bxc5 Rxd5 30. Rxd5 Qa6 31. Qd2 Qa8 32. b4 Qb8 33. Rd7 f5 34. exf5 Bf6 35. Rb7 Qa8 36. Bd5+ Kh8 37. Rxh7+ Kxh7 38. fxg6+ Kxg6 39. Bxa8 Rxa8 40. Qd3+ Kg7 41. Qf5 Ra1+ 42. Kg2 Rc1 43. Qxh5 Rxc4 1-0

[Event "Kemerovo op"]
[Site "Kemerovo"]
[Date "2013.07.22"]
[Round "1"]
[White "Feofanov, Andrei"]
[Black "Drachev, Nikita"]
[Result "1-0"]
[WhiteElo "2039"]
[BlackElo "1712"]
[PlyCount "93"]
[EventDate "2013.07.22"]
[EventType "swiss"]
[EventRounds "9"]
[EventCountry "RUS"]
[SourceTitle "EXT 2014"]
[Source "ChessBase"]
[SourceDate "2013.11.20"]
[SourceVersion "1"]
[SourceVersionDate "2013.11.20"]
[SourceQuality "1"]

1. Nf3 d5 2. d4 Nf6 3. c4 c6 4. e3 e6 5. Nc3 Nbd7 6. Qc2 Bd6 7. Bd3 0-0 8. 0-0 e5 9. cxd5 cxd5 10. e4 exd4 11. Nxd5 Nxd5 12. exd5 Nf6 13. Nxd4 Qc7 14. Qxc7 Bxc7 15. Bc4 Rd8 16. Nb5 Bb6 17. Bg5 a6 18. Nc3 Bc7 19. a4 Rd6 20. Bf4 Rd7 21. Bxc7 Rxc7 22. Bd3 Rd7 23. Rfe1 g6 24. Be4 Kg7 25. Bf3 Rd6 26. Re7 b6 27. h3 Bf5 28. g4 Bd3 29. g5 Ng8 30. Rc7 h6 31. h4 hxg5 32. hxg5 Re8 33. Rc6 Rdd8 34. Rd1 Bc2 35. Rd2 Bb3 36. Rxb6 Rb8 37. Rxb8 Rxb8 38. d6 Rd8 39. a5 Be6 40. Bb7 Bc8 41. Bxc8 Rxc8 42. Nd5 Rd8 43. Nb4 f6 44. Nxa6 fxg5 45. Nc5 Kf7 46. a6 Nf6 47. b4 1-0

[Event "Kemerovo Chess School-ch"]
[Site "Kemerovo"]
[Date "2013.03.13"]
[Round "6"]
[White "Feofanov, Andrei"]
[Black "Ilenko, Aleksei"]
[Result "0-1"]
[WhiteElo "2010"]
[BlackElo "2083"]
[PlyCount "60"]
[EventDate "2013.02.24"]
[EventType "swiss"]
[EventRounds "9"]
[EventCountry "RUS"]
[SourceTitle "EXT 2014"]
[Source "ChessBase"]
[SourceDate "2013.11.20"]
[SourceVersion "1"]
[SourceVersionDate "2013.11.20"]
[SourceQuality "1"]

1. Nf3 c5 2. c4 g6 3. d4 cxd4 4. Nxd4 Bg7 5. e4 Nc6 6. Be3 Nf6 7. Nc3 Ng4 8. Qxg4 Bxd4 9. Bxd4 Nxd4 10. Qd1 e5 11. Be2 d6 12. 0-0 0-0 13. b3 Bd7 14. f4 Bc6 15. Kh1 Rc8 16. Bg4 f5 17. Bh3 Rc7 18. exf5 gxf5 19. Ne2 Nxe2 20. Qxe2 Qh4 21. Qe3 Rg7 22. c5 Rf6 23. Rf3 Bxf3 24. Qxf3 Qxf4 25. Qd5+ Rgf7 26. cxd6 Qd4 27. Rd1 Qxd5 28. Rxd5 Rd7 29. Rxe5 Rfxd6 30. g3 Rd2 0-1

[Event "Kemerovo Chess School-ch"]
[Site "Kemerovo"]
[Date "2013.03.10"]
[Round "5"]
[White "Kolosovskiy, Danil"]
[Black "Feofanov, Andrei"]
[Result "1/2-1/2"]
[WhiteElo "1999"]
[BlackElo "2010"]
[PlyCount "66"]
[EventDate "2013.02.24"]
[EventType "swiss"]
[EventRounds "9"]
[EventCountry "RUS"]
[SourceTitle "EXT 2014"]
[Source "ChessBase"]
[SourceDate "2013.11.20"]
[SourceVersion "1"]
[SourceVersionDate "2013.11.20"]
[SourceQuality "1"]

1. d4 Nf6 2. c4 g6 3. Nc3 Bg7 4. e4 d6 5. Nf3 0-0 6. Be2 e5 7. 0-0 Nc6 8. d5 Ne7 9. b4 Nd7 10. Re1 a5 11. Ba3 axb4 12. Bxb4 h6 13. a4 f5 14. Nd2 fxe4 15. Ndxe4 Nf6 16. Bf3 Nxe4 17. Nxe4 b6 18. a5 bxa5 19. Bxa5 Bf5 20. c5 Bxe4 21. Bxe4 Nf5 22. cxd6 Nxd6 23. Bb4 Rxa1 24. Qxa1 Qh4 25. f3 Rb8 26. Bxd6 cxd6 27. Rb1 Rxb1+ 28. Qxb1 Bf8 29. g3 Qg5 30. Qe1 Kg7 31. h4 Qf6 32. Kg2 h5 33. Qh1 Be7 1/2-1/2

[Event "Kemerovo Chess School-ch"]
[Site "Kemerovo"]
[Date "2013.02.24"]
[Round "1"]
[White "Feofanov, Andrei"]
[Black "Chernov, Mikhail"]
[Result "0-1"]
[WhiteElo "2010"]
[BlackElo "2238"]
[PlyCount "104"]
[EventDate "2013.02.24"]
[EventType "swiss"]
[EventRounds "9"]
[EventCountry "RUS"]
[SourceTitle "EXT 2014"]
[Source "ChessBase"]
[SourceDate "2013.11.20"]
[SourceVersion "1"]
[SourceVersionDate "2013.11.20"]
[SourceQuality "1"]

1. Nf3 d5 2. d4 Nf6 3. c4 c6 4. e3 e6 5. Nc3 Nbd7 6. Qc2 Bd6 7. Bd3 0-0 8. 0-0 a6 9. a4 dxc4 10. Bxc4 c5 11. Bd3 Qc7 12. h3 b6 13. Ne4 Bb7 14. Nxd6 Qxd6 15. Ng5 h6 16. Nh7 Rfc8 17. Nxf6+ Nxf6 18. dxc5 Rxc5 19. Qe2 e5 20. e4 Rd8 21. Bb1 Qc6 22. Bd2 Nxe4 23. Bxe4 Qxe4 24. Qxe4 Bxe4 25. Be3 Rc6 26. Rfd1 Bd3 27. Rac1 Rcd6 28. Rc7 f5 29. Rb7 b5 30. axb5 axb5 31. Bc5 Rd5 32. b4 R8d7 33. Rxd7 Rxd7 34. Ra1 Be4 35. Ra7 Bb7 36. Ra5 Bc6 37. Ra6 Rd1+ 38. Kh2 Bd5 39. Rd6 Kf7 40. Rd7+ Kg8 41. Rd8+ Kh7 42. Rd7 f4 43. Bf8 e4 44. Bxg7 Kg6 45. Bc3 e3 46. fxe3 fxe3 47. g4 Kg5 48. Be5 Rh1+ 49. Kg3 Rg1+ 50. Kh2 Rg2+ 51. Kh1 Rd2+ 52. Kg1 Kh4 0-1

[Event "Kemerovo Kuzbass-ch"]
[Site "Kemerovo"]
[Date "2012.11.27"]
[Round "7"]
[White "Petrov, Andrej"]
[Black "Feofanov, Andrei"]
[Result "0-1"]
[WhiteElo "2254"]
[BlackElo "1978"]
[PlyCount "154"]
[EventDate "2012.11.23"]
[EventType "swiss"]
[EventRounds "9"]
[EventCountry "RUS"]
[SourceTitle "CBM 151 Extra"]
[Source "ChessBase"]
[SourceDate "2012.12.18"]
[SourceVersion "1"]
[SourceVersionDate "2012.12.18"]
[SourceQuality "1"]

1. e4 e6 2. d3 c5 3. Nf3 Nc6 4. Nc3 d5 5. exd5 exd5 6. Be2 Nf6 7. 0-0 Be7 8. d4 0-0 9. Bf4 Ne4 10. Na4 c4 11. Ne5 Nxe5 12. Bxe5 Bd7 13. Nc3 Nxc3 14. bxc3 Ba3 15. Rb1 b6 16. Bf3 Be6 17. Re1 Qd7 18. Re3 f6 19. Bg3 Bf5 20. Qe2 Kh8 21. Re1 Bg6 22. Bh5 Bxh5 23. Qxh5 g6 24. Qf3 Kg7 25. Bh4 g5 26. Bg3 Rae8 27. h4 Rxe3 28. Qxe3 h6 29. Qf3 Rf7 30. hxg5 hxg5 31. Qh5 Re7 32. Be5 Qf5 33. Re3 Qg6 34. Qxg6+ Kxg6 35. Bg3 Rxe3 36. fxe3 Bc1 37. Kf2 Bd2 38. Bb8 b5 39. Bxa7 Bxc3 40. Kf3 f5 41. Bb8 Bb4 42. Be5 Kf7 43. Bc7 Be7 44. Bb6 Bd6 45. Bd8 Kg6 46. Bb6 g4+ 47. Ke2 f4 48. Bc5 Bc7 49. exf4 Bxf4 50. c3 Kf5 51. Bb4 Ke4 52. Ba3 Bc7 53. Bc1 Bd6 54. Bd2 Ba3 55. Be1 Bc1 56. Bf2 Bb2 57. Kd2 Kf4 58. Kc2 Ba3 59. Kd2 Be7 60. Ke2 Ke4 61. Kd2 Bf6 62. Ke2 Bg5 63. Be1 Bf4 64. Bf2 b4 65. cxb4 c3 66. Be1 c2 67. Bd2 c1Q 68. Bxc1 Bxc1 69. b5 Kxd4 70. b6 Kc5 71. b7 Bf4 72. Kd3 Kc6 73. Kd4 Bb8 74. a4 Ba7+ 75. Ke5 Kc5 76. a5 d4 77. Ke4 Kc4 0-1

[Event "Kemerovo Kuzbass-ch"]
[Site "Kemerovo"]
[Date "2012.11.25"]
[Round "3"]
[White "Konyshev, Artem"]
[Black "Feofanov, Andrei"]
[Result "1-0"]
[WhiteElo "2304"]
[BlackElo "1978"]
[PlyCount "102"]
[EventDate "2012.11.23"]
[EventType "swiss"]
[EventRounds "9"]
[EventCountry "RUS"]
[SourceTitle "CBM 151 Extra"]
[Source "ChessBase"]
[SourceDate "2012.12.18"]
[SourceVersion "1"]
[SourceVersionDate "2012.12.18"]
[SourceQuality "1"]

1. Nf3 d5 2. c4 e6 3. g3 Nf6 4. Bg2 Be7 5. 0-0 0-0 6. d4 dxc4 7. Ne5 Nc6 8. Bxc6 bxc6 9. Nxc4 c5 10. dxc5 Bxc5 11. Be3 Bb6 12. Nc3 Bb7 13. Qxd8 Rfxd8 14. Rfd1 Nd5 15. Nxd5 Bxd5 16. Nxb6 cxb6 17. b3 Rdc8 18. Rdc1 Kf8 19. f3 f6 20. Kf2 Ke7 21. Bd4 e5 22. Bc3 Be6 23. e4 Ke8 24. Ke3 Rc6 25. Bd2 Rac8 26. Rxc6 Rxc6 27. Kd3 a5 28. Bc3 Rd6+ 29. Ke3 Rc6 30. Kd3 Rd6+ 31. Kc2 Rc6 32. a4 Rd6 33. Re1 Bf7 34. f4 Bg6 35. fxe5 fxe5 36. Bxe5 Re6 37. Bd4 Bxe4+ 38. Kb2 b5 39. axb5 Bd5 40. Rxe6+ Bxe6 41. Bxg7 Bd7 42. b6 Bc8 43. Ka3 Kd7 44. Ka4 Kc6 45. Kxa5 Bb7 46. g4 Bc8 47. g5 Bb7 48. h4 Bc8 49. h5 Kb7 50. g6 Bf5 51. gxh7 Bxh7 1-0

[Event "Kemerovo Kuzbass-ch"]
[Site "Kemerovo"]
[Date "2012.11.24"]
[Round "1"]
[White "Kljucharev, Sergey"]
[Black "Feofanov, Andrei"]
[Result "1/2-1/2"]
[WhiteElo "2376"]
[BlackElo "1978"]
[PlyCount "69"]
[EventDate "2012.11.23"]
[EventType "swiss"]
[EventRounds "9"]
[EventCountry "RUS"]
[SourceTitle "CBM 151 Extra"]
[Source "ChessBase"]
[SourceDate "2012.12.18"]
[SourceVersion "1"]
[SourceVersionDate "2012.12.18"]
[SourceQuality "1"]

1. Nf3 d5 2. c4 e6 3. d4 Nf6 4. Nc3 Be7 5. Bf4 0-0 6. e3 c5 7. Be2 Nc6 8. 0-0 dxc4 9. Bxc4 cxd4 10. exd4 Nd5 11. Be3 Bf6 12. Rc1 Nxc3 13. bxc3 b6 14. Qe2 Bb7 15. Rfd1 Qe7 16. Bd3 Rfd8 17. Nd2 g6 18. Ne4 Bg7 19. Bg5 f6 20. Be3 Kh8 21. h4 e5 22. Bb1 exd4 23. cxd4 Nb4 24. Ng3 Nd5 25. h5 Nxe3 26. Qxe3 Qf7 27. Qf4 f5 28. Rc7 Rd7 29. hxg6 hxg6 30. Rxd7 Qxd7 31. Qh4+ Kg8 32. d5 Bxd5 33. Bc2 Qc6 34. Rxd5 Qxc2 35. Rd8+ 1/2-1/2

[Event "Kemerovo Kuzbass Cup"]
[Site "Kemerovo"]
[Date "2012.09.04"]
[Round "7"]
[White "Cheremnova, Tamara"]
[Black "Feofanov, Andrei"]
[Result "1-0"]
[WhiteElo "2260"]
[BlackElo "1983"]
[PlyCount "53"]
[EventDate "2012.08.29"]
[EventType "swiss"]
[EventRounds "7"]
[EventCountry "RUS"]
[SourceTitle "CBM 150 Extra"]
[Source "ChessBase"]
[SourceDate "2012.10.19"]
[SourceVersion "1"]
[SourceVersionDate "2012.10.19"]
[SourceQuality "1"]

1. d4 d5 2. c4 e6 3. Nc3 Nf6 4. Bg5 Be7 5. e3 0-0 6. Nf3 h6 7. Bh4 b6 8. Bd3 Bb7 9. 0-0 Nbd7 10. Qe2 Ne4 11. Bg3 c5 12. cxd5 exd5 13. Rac1 cxd4 14. Nxd4 Nxg3 15. hxg3 Bf6 16. Nf5 Nc5 17. Bb1 g6 18. b4 Ne6 19. Nxh6+ Kg7 20. Ng4 d4 21. Rfd1 Qe7 22. exd4 Rfd8 23. Nxf6 Qxf6 24. d5 Nc7 25. Ne4 Qe5 26. f4 Qe8 27. Rxc7 1-0

[Event "Kemerovo Kuzbass Cup"]
[Site "Kemerovo"]
[Date "2012.08.29"]
[Round "1"]
[White "Kljucharev, Sergey"]
[Black "Feofanov, Andrei"]
[Result "1-0"]
[WhiteElo "2376"]
[BlackElo "1965"]
[PlyCount "69"]
[EventDate "2012.08.29"]
[EventType "swiss"]
[EventRounds "7"]
[EventCountry "RUS"]
[SourceTitle "CBM 150 Extra"]
[Source "ChessBase"]
[SourceDate "2012.10.19"]
[SourceVersion "1"]
[SourceVersionDate "2012.10.19"]
[SourceQuality "1"]

1. Nf3 d5 2. c4 e6 3. d4 Nf6 4. Nc3 Be7 5. Bg5 0-0 6. e3 h6 7. Bh4 b6 8. Bd3 Bb7 9. cxd5 exd5 10. 0-0 Ne4 11. Bxe7 Qxe7 12. Rc1 Nd7 13. Bb5 c6 14. Ba4 f5 15. Ne2 Rac8 16. Nf4 Qd6 17. Re1 Ba6 18. Ne5 Nb8 19. Qh5 Rf6 20. f3 Ng5 21. Bc2 c5 22. h4 Ne6 23. Bxf5 Nxf4 24. exf4 Rcf8 25. Bb1 cxd4 26. Ng6 Rd8 27. Ne7+ Kh8 28. Ng6+ Kg8 29. Re5 Bb7 30. Ne7+ Kh8 31. Nf5 Qf8 32. Ne7 Qf7 33. Bg6 Qf8 34. Bd3 Qf7 35. Ng6+ 1-0

[Event "Novokuznetsk op"]
[Site "Novokuznetsk"]
[Date "2012.08.08"]
[Round "7"]
[White "Feofanov, Andrei"]
[Black "Sviridov, Maxim"]
[Result "1/2-1/2"]
[WhiteElo "1965"]
[BlackElo "2154"]
[PlyCount "46"]
[EventDate "2012.08.02"]
[EventType "swiss"]
[EventRounds "9"]
[EventCountry "RUS"]
[SourceTitle "EXT 2013"]
[Source "ChessBase"]
[SourceDate "2012.11.22"]
[SourceVersion "1"]
[SourceVersionDate "2012.11.22"]
[SourceQuality "1"]

1. Nf3 d5 2. d4 Nf6 3. c4 c6 4. e3 g6 5. Nc3 Bg7 6. h3 0-0 7. Bd3 Be6 8. Ng5 Qc8 9. Nxe6 Qxe6 10. Qb3 dxc4 11. Bxc4 Qc8 12. 0-0 Nbd7 13. e4 e5 14. d5 cxd5 15. Nxd5 Nxd5 16. Bxd5 Nb6 17. Rd1 Nxd5 18. Rxd5 b6 19. Be3 Rd8 20. Rad1 Qc7 21. Qd3 Bf6 22. Qb3 Rxd5 23. Rxd5 Rd8 1/2-1/2

[Event "Novokuznetsk op"]
[Site "Novokuznetsk"]
[Date "2012.08.05"]
[Round "4"]
[White "Feofanov, Andrei"]
[Black "Sukiasyan, Artem"]
[Result "1/2-1/2"]
[WhiteElo "1965"]
[BlackElo "1806"]
[PlyCount "72"]
[EventDate "2012.08.02"]
[EventType "swiss"]
[EventRounds "9"]
[EventCountry "RUS"]
[SourceTitle "EXT 2013"]
[Source "ChessBase"]
[SourceDate "2012.11.22"]
[SourceVersion "1"]
[SourceVersionDate "2012.11.22"]
[SourceQuality "1"]

1. Nf3 Nf6 2. c4 g6 3. g3 Bg7 4. Bg2 d6 5. 0-0 0-0 6. d4 Nbd7 7. Nc3 Re8 8. e4 e5 9. Re1 exd4 10. Nxd4 c6 11. h3 Qe7 12. Bf4 Nh5 13. Be3 Nc5 14. Qc2 Nf6 15. b4 Ne6 16. Nb3 h5 17. Rad1 Nh7 18. f4 Bh6 19. Qd2 Rd8 20. a3 Ng7 21. c5 Ne8 22. e5 d5 23. b5 Rb8 24. Nd4 Bd7 25. Qd3 Ng7 26. Rf1 Nf5 27. Nxf5 Bxf5 28. Qe2 Qe6 29. Kh2 f6 30. Bd4 Re8 31. Qf2 Qf7 32. exf6 Nxf6 33. Be5 Rbc8 34. Qd4 Bg7 35. bxc6 bxc6 36. Qf2 Nd7 1/2-1/2

[Event "Kemerovo-ch op"]
[Site "Kemerovo"]
[Date "2012.03.21"]
[Round "7"]
[White "Vlassov, Nikolai"]
[Black "Feofanov, Andrei"]
[Result "1-0"]
[WhiteElo "2427"]
[BlackElo "1904"]
[PlyCount "43"]
[EventDate "2012.03.04"]
[EventType "swiss"]
[EventRounds "9"]
[EventCountry "RUS"]
[SourceTitle "EXT 2014"]
[Source "ChessBase"]
[SourceDate "2013.11.20"]
[SourceVersion "1"]
[SourceVersionDate "2013.11.20"]
[SourceQuality "1"]

1. e4 e6 2. d4 d5 3. exd5 exd5 4. Nf3 Bd6 5. c4 c6 6. Bd3 Ne7 7. Nc3 dxc4 8. Bxc4 0-0 9. 0-0 Bf5 10. Bg5 h6 11. Bh4 Nd7 12. Bb3 Nb6 13. Qe2 Qc7 14. Rac1 a6 15. Ne5 Rad8 16. f4 Rde8 17. g4 Ng6 18. gxf5 Nxh4 19. Qh5 Bxe5 20. dxe5 Qd8 21. Rcd1 Qe7 22. Rd6 1-0

[Event "Kemerovo-ch op"]
[Site "Kemerovo"]
[Date "2012.03.12"]
[Round "4"]
[White "Feofanov, Andrei"]
[Black "Sharoyko, Makar"]
[Result "1-0"]
[WhiteElo "1904"]
[BlackElo "1791"]
[PlyCount "103"]
[EventDate "2012.03.04"]
[EventType "swiss"]
[EventRounds "9"]
[EventCountry "RUS"]
[SourceTitle "EXT 2014"]
[Source "ChessBase"]
[SourceDate "2013.11.20"]
[SourceVersion "1"]
[SourceVersionDate "2013.11.20"]
[SourceQuality "1"]

1. Nf3 Nf6 2. c4 g6 3. g3 Bg7 4. Bg2 0-0 5. 0-0 c5 6. d4 cxd4 7. Nxd4 Nc6 8. Nb3 d6 9. c5 d5 10. Nc3 e6 11. Bg5 Qc7 12. Qd2 Rd8 13. Rad1 a6 14. Na4 Bd7 15. Nb6 Rab8 16. Qc3 Qe5 17. Qxe5 Nxe5 18. e4 Bc6 19. f4 Nc4 20. e5 Ne3 21. exf6 Bf8 22. f5 Nxf1 23. Bxf1 Re8 24. fxe6 fxe6 25. Bh3 Kf7 26. Re1 e5 27. Bd7 Red8 28. Bh3 Re8 29. Bg2 Rbd8 30. Kh1 h6 31. Bd2 Kxf6 32. Bc3 d4 33. Bxc6 bxc6 34. Ba5 e4 35. Na4 Rd7 36. Rf1+ Ke5 37. Nb6 Rde7 38. Nc4+ Kd5 39. Nd6 Rb8 40. Kg2 Re6 41. Bc7 Ra8 42. Rd1 d3 43. Nb7 Ra7 44. Bd6 Bxd6 45. Nxd6 Rc7 46. Kf2 a5 47. Ke3 a4 48. Nd2 Kxc5 49. N2xe4+ Kb4 50. Rxd3 c5 51. Rc3 Re5 52. a3+ 1-0

[Event "Kemerovo-ch op"]
[Site "Kemerovo"]
[Date "2012.03.04"]
[Round "1"]
[White "Cheremnova, Tamara"]
[Black "Feofanov, Andrei"]
[Result "1-0"]
[WhiteElo "2255"]
[BlackElo "1904"]
[PlyCount "69"]
[EventDate "2012.03.04"]
[EventType "swiss"]
[EventRounds "9"]
[EventCountry "RUS"]
[SourceTitle "EXT 2014"]
[Source "ChessBase"]
[SourceDate "2013.11.20"]
[SourceVersion "1"]
[SourceVersionDate "2013.11.20"]
[SourceQuality "1"]

1. d4 d5 2. c4 e6 3. Nc3 Nf6 4. Bg5 Be7 5. e3 0-0 6. Nf3 h6 7. Bh4 b6 8. Bd3 Bb7 9. 0-0 dxc4 10. Bxc4 Nbd7 11. Qe2 Ne4 12. Bg3 Nxg3 13. hxg3 Bf6 14. Rad1 Qe7 15. e4 e5 16. Nd5 Bxd5 17. Bxd5 Rad8 18. dxe5 Nxe5 19. Nd4 c5 20. Nf5 Qc7 21. f4 Ng6 22. e5 Be7 23. Rfe1 Kh7 24. Qc4 Nh8 25. Qe4 g6 26. Ne3 b5 27. f5 Bg5 28. Ng4 h5 29. Nh2 Rde8 30. Nf3 Bh6 31. Bc6 Rd8 32. Bxb5 Qb6 33. Bd7 Qxb2 34. e6 fxe6 35. fxe6 1-0